| 000 | 00837nam a2200193 i 4500 | ||
|---|---|---|---|
| 001 | 86260 | ||
| 003 | ES-MaACL | ||
| 005 | 20230906175417.0 | ||
| 007 | t| | ||
| 008 | 041221s1998 sp ||||1| spa d | ||
| 080 | _a7(086) | ||
| 245 | 0 | 0 |
_aGran enciclopedia del arte multimedia [ _hRecurso electrónico]. |
| 260 |
_a[Barcelona] : _bSalvat multimedia, _c[1998?] |
||
| 300 |
_a8 discos compacto (CD-ROM) ; _c12 cm. |
||
| 500 | _aCaracterísticas del sistema: PC 486 o superior, 8Mb de RAM; monitor VGA; 256 colores; s.o. Windows 3.1 o 95; lector CD-Rom x4; tarjeta de sonido 16 bits. | ||
| 505 | 8 | _aContiene: Egipto .-- Grecia .-- Romano. Islámico .-- Románico. Gótico .-- Renacimiento .-- Barroco .-- Romanticismo .-- Realismo. Impresionismo | |
| 650 | 4 |
_aArte- _vEnciclopedias- _vCD-ROM. _910096 |
|
| 852 |
_aES-MaACL _jROT 1/2/12-19 |
||
| 999 |
_c86260 _d86260 |
||